| 000 | 00697cam a22002297a 4500 | ||
|---|---|---|---|
| 001 | 000067 | ||
| 003 | armpunfd | ||
| 005 | 20140612090557.0 | ||
| 008 | 011019e1983####xx#a##########000#0#und#d | ||
| 040 |
_aarmpunfd _carmpunfd |
||
| 080 | _a340.12 G 572 | ||
| 100 | 1 | 0 | _a Goldschmidt, Werner |
| 245 | 1 | 0 | _aIntroduccion filosofica al derecho : la teoria trialista del mundo juridico y sus horizontes |
| 260 |
_a Buenos Aires _b Depalma _c1983-1996 |
||
| 300 | _a665 p. | ||
| 650 | 7 |
_a Derecho _x Filosofia Del _2LEMB |
|
| 650 | 7 |
_a Derecho _x Teoria Del _2LEMB |
|
| 650 | 7 |
_a Filosofia Del Derecho _2LEMB |
|
| 942 |
_cLB _2cdu |
||
| 945 |
_aCatalis _d2010-08-19 |
||
| 945 |
_aCatalis _d2010-08-19 |
||
| 999 |
_c66 _d230570 |
||